000 00835nam a2200217Ii 4500
003 JO-AjNU
008 230605s9999||||xx |||||||||||||| ||und||
017 _a854
040 _aJO-AjNU
_bara
_erda
_cJO-AjNU
041 _aara
050 1 4 _aHM33.T3264 1990
100 3 _aالطعان، عبد الرضا حسين,
_eauthor
_937744
245 0 0 _aالبعد الاجتماعي للاحزاب السياسية : دراسة في علم الاجتماع السياسي
250 _aط1
264 3 1 _aبغداد: دار الشؤون الثقافية العامة، 1990
300 _a510ص
_bيحتوي على ملحق و ببلوغرافية من 503-510ص
336 _atext
_btxt
_2rdacontent
337 _aunmediated
_bn
_2rdamedia
338 _avolume
_bnc
_2rdacarrier
650 4 _aعلم الاجتماع السياسي 
_937745
999 _aA15798
_c19366
_d19366